Super Mario Galaxy Galaxies - Statistics

General Stats
  • This quiz has been taken 81 times
  • The average score is 16 of 42
Answer Stats
Hint Answer % Correct
Terrace Good Egg Galaxy
87%
Honeyhive Galaxy
83%
Fountain Space Junk Galaxy
67%
Battlerock Galaxy
65%
Gate Gateway Galaxy
65%
Toy Time Galaxy
65%
Kitchen Beach Bowl Galaxy
63%
Bedroom Gusty Garden Galaxy
59%
Loopdeeloop Galaxy
57%
Terrace Hungry Luma Sweet Sweet Galaxy
54%
Freezeflame Galaxy
52%
Dreadnought Galaxy
49%
Flipswitch Galaxy
46%
Buoy Base Galaxy
44%
Ghostly Galaxy
43%
Engine Room Gold Leaf Galaxy
43%
Loopdeeswoop Galaxy
41%
Dusty Dune Galaxy
40%
Garden Deep Dark Galaxy
38%
Kitchen Hungry Luma Drip Drop Galaxy
38%
Matter Splatter Galaxy
38%
Melty Molten Galaxy
37%
Rolling Green Galaxy
35%
Bonefin Galaxy
33%
Center of the Universe Bowser's Galaxy Reactor
32%
Sea Slide Galaxy
32%
Planet of Trials Rolling Gizmo Galaxy
30%
Bowser's Dark Matter Plant
29%
Bubble Blast Galaxy
27%
Bowser Jr.'s Airship Armada
25%
Bubble Breeze Galaxy
22%
Honeyclimb Galaxy
22%
Garden Hungry Luma Snow Cap Galaxy
22%
Grand Finale Galaxy
21%
Fountain Hungry Luma Sling Pod Galaxy
21%
Bedroom Hungry Luma Bigmouth Galaxy
19%
Bowser Jr.'s Robot Reactor
17%
Hurry-Scurry Galaxy
17%
Engine Room Hungry Luma Sand Spiral Galaxy
16%
Gate Hungry Luma Boo's Boneyard Galaxy
14%
Bowser Jr.'s Lava Reactor
13%
Bowser's Star Reactor
11%
No matching quizzes found
Score Distribution
Percent of People with Each Score
Percentile by Number Answered
Your Score History
You have not taken this quiz